| 000 | 00444nam a22001577a 4500 | ||
|---|---|---|---|
| 008 | 220406b ||||| |||| 00| 0 eng d | ||
| 020 | _a978-93-83931-49-1 | ||
| 082 |
_a070 _bCHS |
||
| 100 | _aChaturvedi Jagadishwar | ||
| 245 |
_aStri Sahityetihas, Asmita Aur Stri Aatmkatha _cBy Jagadishwar Chaturvedi |
||
| 260 |
_aNew Delhi _bAcademic Publication _c2021 |
||
| 300 | _a504p. | ||
| 650 | _aMASS COMMUNICATION | ||
| 942 | _cBK | ||
| 999 |
_c42437 _d42437 |
||
| 041 | _aeng | ||